Women of DC Comics Quiz Stats

Quiz Updated Mar 27, 2016

Challenge
Share
Tweet
Score 0/25 Timer 07:00
4 Plays Today
Character % Correct
Wonder Woman
98.8%
Supergirl
94.2%
Catwoman
92.8%
Poison Ivy
92.1%
Harley Quinn
89.8%
Batgirl
86.6%
The Cheetah
66.5%
Hawkgirl
61.8%
Starfire
61.7%
The Huntress
61%
Black Canary
60.1%
Raven
58.9%
Lois Lane
46.9%
Character % Correct
Stargirl
41.8%
Star Sapphire
40.7%
Mera
39.8%
Giganta
36.3%
Mary Marvel
35.8%
Talia al Ghul
30.3%
Saturn Girl
29.4%
Amanda Waller
28.8%
Jade
26.6%
Amethyst
21.2%
Liberty Belle
15.8%
Dawnstar
15.3%

You're not logged in!

Compare scores with friends on all Sporcle quizzes.
Join for Free
OR
Log In

You Might Also Like...

Show Comments

Extras

Top Quizzes Today


Score Distribution

Your Account Isn't Verified!

In order to create a playlist on Sporcle, you need to verify the email address you used during registration. Go to your Sporcle Settings to finish the process.

Report this User

Report this user for behavior that violates our Community Guidelines.

Details: